Project in physics / (Record no. 11703)

MARC details
000 -LEADER
fixed length control field 00649 a2200193 4500
010 ## - LIBRARY OF CONGRESS CONTROL NUMBER
LC control number ENG-89957
020 ## - INTERNATIONAL STANDARD BOOK NUMBER
International Standard Book Number 8189944155
Terms of availability 200.00
035 ## - SYSTEM CONTROL NUMBER
System control number EN-73490
037 ## - SOURCE OF ACQUISITION
Source of stock number/acquisition DBAD / PUB
082 14 - DEWEY DECIMAL CLASSIFICATION NUMBER
Classification number 530.078
090 ## - LOCALLY ASSIGNED LC-TYPE CALL NUMBER (OCLC); LOCAL CALL NUMBER (OCLC)
-- 12057
-- 12057
100 1# - MAIN ENTRY--PERSONAL NAME
Personal name Aggarwal, R.P.
245 1# - TITLE STATEMENT
Title Project in physics /
Statement of responsibility, etc by R.P. Aggarwal
260 ## - PUBLICATION, DISTRIBUTION, ETC. (IMPRINT)
Place of publication, distribution, etc New Delhi
Name of publisher, distributor, etc India Books Company
Date of publication, distribution, etc 2007
270 ## - ADDRESS
Address WZ-77/B-9, II Floor, Shoe Market, School Road, Uttam Nagar,
City New Delhi
Postal code 110 059
300 ## - PHYSICAL DESCRIPTION
Extent 144p.:
Dimensions 22 cm (Hb)
Other physical details ill.
942 ## - ADDED ENTRY ELEMENTS (KOHA)
Institution code [OBSOLETE] dpl
Koha item type English Books
Call number prefix 530.078 / AGG
Holdings
Withdrawn status Lost status Source of classification or shelving scheme Damaged status Not for loan Collection code Home library Current library Source of acquisition Cost, normal purchase price Total Checkouts Full call number Barcode Date last seen Copy number Uniform Resource Identifier Cost, replacement price Price effective from Koha item type
    Dewey Decimal Classification   Not For Loan Non-fiction D.B.Act.Division D.B.Act.Division DBAD/PUB 200.00   530.078 AGG EN-73490 15/09/2008 1 12817 200.00 15/09/2008 English Books

© Delhi Public Library
Hit Counter
free hit counter